Guide Book to Mechanism in Organic Chemistry (Record no. 93921)

MARC details
000 -LEADER
fixed length control field 00451nam a2200145Ia 4500
008 - FIXED-LENGTH DATA ELEMENTS--GENERAL INFORMATION
fixed length control field 211109s9999||||xx |||||||||||||| ||und||
082 ## - DEWEY DECIMAL CLASSIFICATION NUMBER
Classification number 547
Item number SYK-G
100 ## - MAIN ENTRY--PERSONAL NAME
Personal name Sykes, Peter
245 #0 - TITLE STATEMENT
Title Guide Book to Mechanism in Organic Chemistry
260 ## - PUBLICATION, DISTRIBUTION, ETC.
Name of publisher, distributor, etc. Orient Blackswan
Place of publication, distribution, etc. New Delhi
Date of publication, distribution, etc. 1982
300 ## - PHYSICAL DESCRIPTION
Extent 414p
630 ## - SUBJECT ADDED ENTRY--UNIFORM TITLE
General subdivision General Stack
650 ## - SUBJECT ADDED ENTRY--TOPICAL TERM
Topical term or geographic name entry element Organic Chemistry
942 ## - ADDED ENTRY ELEMENTS (KOHA)
Koha item type BOOK
650 ## - SUBJECT ADDED ENTRY--TOPICAL TERM
Form subdivision Chemistry & allied sciences
General subdivision Natural sciences & mathematicsChemistry
Holdings
Withdrawn status Lost status Damaged status Not for loan Home library Current library Date acquired Total Checkouts Full call number Barcode Shelving location Date last seen Price effective from Koha item type
        SB LIBRARY SB LIBRARY 09/11/2021   547 SYK-G 00078901 GENERAL STACK 09/11/2021 09/11/2021 BOOK

Powered by Koha